000 01024nas a2200337 4500
001 BR0000064
003 BR-BrBNA
005 20231205101627.0
007 ta
008 230509b bl.|||p| |||| 00| 00por d
040 _aBR-BrBNA
_bpor
_cBiblioteca Nacional de Agricultura
041 _a(Pt)
072 _aL02
100 1 _aLeandro, N.S.M.
100 1 _aStringhini, J.H.
100 1 _aCafe, M.B.
100 1 _aFranca, A.F.S.
100 1 _aFreitas, S.A.
245 1 _aMilheto (Pennisetum glaucum (L.)R.Br.)como substituto do milho em racoes para codornas-japonesas em postura (Coturnix coturnix japonica)
650 _aCodorna
650 _aMilheto
650 _aRacao
650 _aPerformance
650 _aPostura
650 _aProdutividade
650 _aPigmentacao
650 _aGema
773 0 _tArquivo Brasileiro de Medicina Veterinaria e Zootecnia (Brazil)
_xISSN 0102-0935
_g(Apr 1999), v. 51(2) p. 177-182
_wBR0000064
909 _a202311
_bLúcia
_c55
_dLúcia Elande
942 _2AGRIS
_n0
_cANA
999 _c162899
_d162899